00510nam a2200205 a 4500001000800000005001700008008004100025010001700066020002200083040001300105041000800118043001200126080000800138100000700146101000800153245006900161906004500230942001200275999001700287250743520180315090412.0920403s1992 maua 001 0 eng  a 92071001  a0316507202 (pbk.) aDLCcDLC aeng an-us--- a621 a27 aMEC04aThe Process of legal research :cChristina L. Kunz ... [et al.]. a7bcbccorignewd2eopcnf19gy-gencatlg 2ddccBK c45154d45154